| 000 | 01074cam a22003257a 4500 | ||
|---|---|---|---|
| 003 | CHAP | ||
| 005 | 20220329133823.0 | ||
| 008 | 971013s1944 r 00010 d | ||
| 010 | _a11368 | ||
| 011 | _a12340 | ||
| 035 | _a15382 | ||
| 040 | _cCHAP | ||
| 082 |
_a631.4 _bS53Y |
||
| 100 | 0 | 0 |
_aSigmond, Alexius A. J. de. _9105910 |
| 245 | 1 | 4 | _aLos principios de la ciencia del suelo |
| 260 |
_a[s.l.] : _b[s.n.], _c1944 |
||
| 300 | _a353 h. | ||
| 590 |
_aBATCH-UPD _b10 _c20130110 _lUCH01 _h0229 |
||
| 590 |
_aBATCH-UPD _b10 _c20130110 _lUCH01 _h1513 |
||
| 590 |
_aBATCH-UPD _b10 _c20130409 _lUCH01 _h2252 |
||
| 590 |
_aBATCH-UPD _b10 _c20130914 _lUCH01 _h2023 |
||
| 590 |
_aCONVERSION _b10 _c20130109 _lUCH01 _h1307 |
||
| 650 | 1 | 4 |
_aSuelos. _9110191 |
| 650 | 1 | 4 |
_aSuelos _xFormación. _9110377 |
| 901 | _aBK | ||
| 942 | _cLIBRO | ||
| 949 |
_a631.4 S53Y _bBC _cLIBRO _d33724000064358 _eLIBRO _fv.1 c.2 _h16335 _i15382 _si |
||
| 949 |
_a631.4 S53Y _bBC _cLIBRO _d33724000917308 _eLIBRO _fv.2 _h26100 _i15382 _si |
||
| 949 |
_a631.4 S53Y _bBC _cLIBRO _d33724002311652 _eLIBRO _fv.1 _h21099 _i15382 _si |
||
| 999 |
_c11368 _d11368 |
||